000 00850nam a22002177a 4500
999 _c8799
_d8799
003 AR-CdUCM
008 190326b ||||| |||| 00| 0 spa d
020 _a987-20289-6-6
040 _aMUNICIPALIDAD PROVINCIAL DEL CUSCO
_cBIBLIOTECA MUNICIPAL DEL CUSCO
082 _a926.982 /
_bL94
100 _aLudueña, Edgardo
_96381
245 _aViajeros y juntahuesos en merlo 1730 - 2005 :
_bprovincia de buenos aires /
260 _aArgentina :
_bImprex
_c2005.
300 _a156 paginas ;
_bIlustraciones,
_c21 cm.
505 _aContenido : Antecedentes de viajeros ilustres y naturalistas en Merlo -- Investigaciones y trabajos paleontologicos -- Actividades y ciclos de conferencias científicas...
650 _aViajeros ilustres
_924532
650 _aBuenos Aires
_924533
650 _aCientíficos
_93270
942 _2ddc
_cLIBROS
945 _awnts